| 000 | 00693nam a2200229 a 4500 | ||
|---|---|---|---|
| 999 |
_c979 _d979 |
||
| 001 | 979 | ||
| 003 | BD-JhCC | ||
| 005 | 20171012124619.0 | ||
| 008 | 171012s2006 bg |||| |||| 000 0 ben d | ||
| 020 | _a9844125197 | ||
| 035 | _a(BD-JhCC)979 | ||
| 040 |
_aBD-JhCC _dBD-JhCC |
||
| 041 | _aben | ||
| 082 |
_a917.1 _bABD 2006 |
||
| 100 | _aশিকদার, আবদুল হাই | ||
| 245 |
_aভ্রমণসমগ্র / _cআবদুল হাই শিকদার |
||
| 260 |
_aঢাকাঃ _bঅনন্যা, _c২০০৬. |
||
| 300 |
_a৮৯৬.ঃ _c২১ সেমি. |
||
| 650 |
_aCollective of travel _xBengali literature |
||
| 942 |
_2ddc _cBK |
||